Historia de la iglesia desde su fundación hasta el pontificado de N.SS. P. Gregorio XVI

Detalles Bibliográficos
Autor principal: RECEVEUR
Formato: Libro
Publicado: México 1852
Materias:
Colección:Banco de datos
Acervo:Biblioteca del Convento de Santa María Magdalena. Cuitzeo. Michoacán
Descripción Física:t.IV
Tema general:Historia Eclesiástica
Notas:Regular. B4,14
LEADER 00761nam a22002050004500
035 |a 33421 
036 |a 150 
100 1 |a RECEVEUR 
245 1 0 |a Historia de la iglesia desde su fundación hasta el pontificado de N.SS. P. Gregorio XVI 
260 |a México  |b ed. M. Galván, Imprenta de la Voz de la Religión  |c 1852 
300 |a t.IV 
500 |a Regular. B4,14 
650 1 0 |a Historia Eclesiástica 
949 |a C.R.M./CUITZEO 
959 |a Ex convento de Santa María Magdalena, Museo Nacional de la Estampa, Cuitzeo, Michoacán  |b CCC3 
960 |a Convento de Santa María Magdalena, Cuitzeo Michoacán  |b DD85 
961 |a Agustina  |b OA 
942 |c CUITZEO 
943 |g Biblioteca del Convento de Santa María Magdalena. Cuitzeo. Michoacán 
999 |c 959632  |d 959632